2022 College Basketball AP Poll - Statistics

General Stats
  • This quiz has been taken 18 times
    13 since last reset
  • The average score is 12 of 25
Answer Stats
Hint Answer % Correct
#9 Duke
100%
#4 Baylor
75%
#23 Boise State
75%
#15 Houston
75%
#20 Murray State
75%
#2 Arizona
50%
#24 Colorado State
50%
#19 Illinois
50%
#16 Iowa
50%
#3 Kansas
50%
#7 Kentucky
50%
#13 Providence
50%
#10 Purdue
50%
#12 Texas Tech
50%
#11 UCLA
50%
#21 UConn
50%
#22 USC
50%
#6 Villanova
50%
#17 Arkansas
25%
#8 Auburn
25%
#1 Gonzaga
25%
#18 St. Mary's CA
25%
#5 Tennessee
25%
#25 Texas
25%
#14 Wisconsin
25%
No matching quizzes found
Score Distribution
Percent of People with Each Score
Percentile by Number Answered
Your Score History
You have not taken this quiz since the last reset